[Event "MAS-ch Rapid Seniors"]
[Site "Kuala Lumpur"]
[Date "2023.12.31"]
[Round "4"]
[White "Chay, Joon Hoong"]
[Black "Kamaruddin, Ami Shamril"]
[Result "1-0"]
[WhiteElo "1523"]
[BlackElo "1392"]
[PlyCount "97"]
[EventDate "2023.12.31"]
[EventType "swiss (rapid)"]
[EventRounds "7"]
[EventCountry "MAS"]
[SourceTitle "CB02_2024"]
[SourceDate "2024.01.10"]
[SourceVersion "1"]
[SourceVersionDate "2024.01.10"]
[SourceQuality "1"]

1. d4 Nf6 2. Nc3 d6 3. e4 c6 4. Nf3 Qa5 5. Bd2 e5 6. Nd5 Qd8 7. Nxf6+ gxf6 8. h3 Be6 9. c4 exd4 10. Nxd4 Qe7 11. Qe2 Nd7 12. g3 h5 13. Bg2 0-0-0 14. 0-0 Bh6 15. f4 Rdg8 16. f5 Bxc4 17. Qxc4 Bxd2 18. Nxc6 Be3+ 19. Kh2 bxc6 20. Qxc6+ Kb8 21. e5 Nb6 22. exd6 Qd7 23. Qc3 h4 24. Qxe3 Rxg3 25. Qf4 Rhg8 26. Rf2 Rd3 27. Rd2 Rxd2 28. Qxd2 Qxf5 29. Re1 Rxg2+ 30. Kxg2 Qg5+ 31. Qxg5 fxg5 32. Re7 Kc8 33. Rxa7 f5 34. b3 Kd8 35. Rg7 Nc8 36. Rxg5 Nxd6 37. Kf3 Ke7 38. Kf4 Kf6 39. Rh5 Kg6 40. Rxh4 Nf7 41. a4 Ng5 42. a5 Ne6+ 43. Ke5 Nc5 44. Ra4 Nxb3 45. a6 Nc5 46. Ra2 Nd7+ 47. Kd6 Nb6 48. a7 Kg5 49. a8Q 1-0